Music Quiz

Random Music or Artist Quiz

The Fine points of Rock Music Quiz Stats

 Plays Quiz not verified by Sporcle

Challenge
Share
Tweet
Embed
Score 0/20 Timer 08:00
0 Plays Today
Song Event % Correct
In Rockin' In the Free World, what will the kid never be able to do?go to school
38.5%
In Tom Sawyer, his mind is not for rent to who?god
34%
In Band on the Run, what is the sailor's name?Sam
33.5%
In Sympathy for the Devil, the trubadors are killed before reaching what city?Bombay
33%
In Baba O'Riley, what does he not have to fight for?to prove he is right
29%
In Crazy Train, who does he listen to?preachers
28%
In Rebel Rebel, what did she teardress
28%
In Roxanne, he tells her to put away what?makeup
27%
In Limelight, what is the universal dream?living in the limelight
25.5%
In The Boys are Back in Town, who was he driving crazy?old men
24%
Song Event % Correct
In Smoke on the Water, what shoreline are they on?Lake Geneva
22%
In Ace of Spades, what is watching you?snake eyes
21%
In The Spirit of Radio, what kind of companion is the voice?unobtrusive
13%
In Go Your Own Way by Fleetwood Mac, what won't she take from him?my world
13%
In Paint it Black, if he looks hard enough into the setting sun, what will his love do with him?laugh
11.5%
In 867-5309 Jenny, who does Jenny think he is like?the others before
10%
In Ruby Tuesday, what can't she be chained to?a life where nothing's gained
7%
In Highway Star, his girl will stay close on every what?bend
7%
In Won't Get Fooled again, what line is never sung?We won't get fooled again
7%
In Gimme Shelter, what are the three natural disasters?storm fire flood
3%

You're not logged in!

Compare scores with friends on all Sporcle quizzes.
OR
Log In

You Might Also Like...

Show Comments

Extras

Top Quizzes Today


Score Distribution

Your Account Isn't Verified!

In order to create a playlist on Sporcle, you need to verify the email address you used during registration. Go to your Sporcle Settings to finish the process.

Report this User

Report this user for behavior that violates our Community Guidelines.

Details: